|
|
|
|
| LEADER |
00000naa a2200000 a 4500 |
| 001 |
vtls010254150 |
| 003 |
SK-MaSNL |
| 005 |
20260302145135.0 |
| 008 |
11030216c2002 xo o e sl o |
| 035 |
|
|
|a SVKKK000081783
|
| 038 |
|
|
|a SVKKK
|
| 040 |
|
|
|a SVKKK
|b slo
|c SVKKK
|e AACR2
|
| 041 |
0 |
|
|a slo
|b eng
|
| 044 |
|
|
|a xo
|c SK
|
| 080 |
|
|
|a 551.577
|2 1997
|
| 080 |
|
|
|a 627.511
|2 1997
|
| 100 |
1 |
|
|a Grešková, Anna,
|d 1955-2010
|4 aut
|9 102714
|
| 245 |
1 |
0 |
|a Relevantné faktory vzniku a podmienky formovania sa povodňových prietokov v povodí Krupinice v roku 1999
|c Anna Grešková
|
| 300 |
|
|
|b Obr., tab.
|
| 504 |
|
|
|a Bibliogr. odkazy
|
| 504 |
|
|
|a Res. angl.
|
| 648 |
|
7 |
|a 1999
|2 snkbucl
|9 266597
|
| 650 |
0 |
7 |
|a zrážkové úhrny
|2 snkbucl
|9 836854
|
| 651 |
|
7 |
|a Krupinica (Slovensko : rieka)
|2 SNKPH
|9 162868
|
| 773 |
0 |
|
|t Geographia slovaca
|d Bratislava : Geografický ústav SAV, 2002
|x 1210-3519
|g Č. 18 (2002), s. 39-47
|q 18
|
| 852 |
|
|
|a SVKKK
|b BIB
|
| 958 |
|
|
|a NB
|
| 999 |
|
|
|c 1352841
|d 1354771
|